Lowest and Highest Native Populations in Latin America - Statistics

General Stats
  • This quiz has been taken 50 times
  • The average score is 9 of 10
Answer Stats
Percent Indigenous Country % Correct
0.47% Brazil
98%
24% Peru
98%
62.1% Bolivia
95%
11.11% Chile
95%
1.7% Paraguay
95%
41% Guatemala
91%
12.26% Panama
91%
0.2% Uruguay
86%
0.23% El Salvador
80%
1.02% Cuba
70%
No matching quizzes found
Score Distribution
Percent of People with Each Score
Percentile by Number Answered
Your Score History
You have not taken this quiz